100 Briefe Deutsch für Export und Import

Guardado en:
Detalles Bibliográficos
Autor principal: Dickfach, Waldemar
Formato: Libro
Lenguaje:alemán
Publicado: Berlin Langenscheidt KG 1964
Edición:8. Aufl.
Etiquetas: Agregar Etiqueta
Sin Etiquetas, Sea el primero en etiquetar este registro!

MARC

LEADER 00000nam a2200000 4500
001 c122790
005 20221207103500.6
041 0 |a ger 
044 |a DE 
245 1 0 |a 100 Briefe Deutsch für Export und Import  |c Waldemar Dickfach 
250 |a 8. Aufl. 
264 1 |a Berlin  |b Langenscheidt KG  |c 1964 
300 |a 167 s. 
100 1 |a Dickfach, Waldemar